Multicultural education : a source book /

Bibliographic Details
Main Author: Ramsey, Patricia G.
Other Authors: Vold, Edwina Battle, Williams, Leslie R., 1944-
Format: Book
Language:English
Published: New York : Garland Pub., 1989.
Series:Garland reference library of social science ; v. 355.
Garland reference library of social science. Source books on education ; v. 18.
Subjects:

MARC

Tag First Indicator Second Indicator Subfields
LEADER 00000cam a2200000 a 4500
001 in00000781721
005 20151017061543.0
008 881019s1989 nyu 00110 eng
010 |a  88031061  
020 |a 0824085582 (alk. paper) 
035 |a (OCoLC)18716008 
035 |9 ADM7009AM 
040 |a DLC  |c DLC  |d TXA  |d UtOrBLW 
043 |a n-us--- 
049 |a TXAM  |c [A12333848] 
050 0 0 |a LC1099.3  |b .R35 1989 
082 0 |a 370.19/6  |2 19 
100 1 |a Ramsey, Patricia G. 
245 1 0 |a Multicultural education :  |b a source book /  |c Patricia G. Ramsey, Edwina Battle Vold, Leslie R. Williams. 
264 1 |a New York :  |b Garland Pub.,  |c 1989. 
300 |a xi, 177 pages ;  |c 23 cm. 
336 |a text  |b txt  |2 rdacontent 
337 |a unmediated  |b n  |2 rdamedia 
338 |a volume  |b nc  |2 rdacarrier 
490 1 |a Garland reference library of social science ;  |v v. 355 
490 1 |a Source books on education ;  |v vol. 18 
504 |a Includes bibliographies. 
650 0 |a Multicultural education  |z United States. 
700 1 |a Vold, Edwina Battle. 
700 1 |a Williams, Leslie R.,  |d 1944- 
830 0 |a Garland reference library of social science ;  |v v. 355. 
830 0 |a Garland reference library of social science.  |p Source books on education ;  |v v. 18. 
999 |a MARS 
999 f f |s 96ae637f-5de3-3c50-8dba-c4f7e1046f9e  |i cb201d10-787d-3f34-913a-e765ba4bda37  |t 0 
952 f f |p normal  |a Texas A&M University  |b College Station  |c Sterling C. Evans Library  |d Evans: Library Stacks  |t 0  |e LC1099.3 .R35 1989  |h Library of Congress classification  |i unmediated -- volume  |m A14812333848 
998 f f |a LC1099.3 .R35 1989  |t 0  |l Evans: Library Stacks